000 00391nam a2200157 i 4500
001 bg
245 0 _aElectron probe microanalysis /
_cEd. by A.J. Toumisis, L. Marton.
260 _aNew York,
_c1966.
700 1 _aToumisis, J.
_eRed.
700 1 _aMarton, L.
_eRed.
040 _cBPK
041 _apol
080 _a543:621.38
942 _cKS
008 s pl f |000 0 pol
999 _c26375
_d26375
856 _uhttp://koha.tu.koszalin.pl/cgi-bin/koha/opac-detail.pl?biblionumber=26375
_yKatalog online BPK